Industrial energy management strategies : creating a culture of continuous improvement

Bibliographic Details
Main Author: Bhattacharjee, Kaushik (Author)
Format: Book
Language:English
Published: New York : Routledge, Taylor & Francis Group 2020
Edition:First edition
Subjects:

MARC

LEADER 00000cam a2200000 7i4500
001 0000029507
005 20241128.0
008 211221 nyua eng
020 |a 9780815380016 
040 |a INS   |b eng   |e rda 
090 0 0 |a TJ163.3   |b .B49 2018 
100 1 |a Bhattacharjee, Kaushik ,   |e author 
245 1 0 |a Industrial energy management strategies :   |b creating a culture of continuous improvement   |c by Kaushik Bhattacharjee 
250 |a First edition 
264 1 |a New York :   |b Routledge, Taylor & Francis Group   |c 2020 
264 4 |c ©2020 
300 |a xii, 294 pages :   |b illustrations ;   |c 24 cm. 
336 |a text  |2 rdacontent 
337 |a unmediated  |2 rdamedia 
338 |a volume  |2 rdacarrier 
504 |a Includes bibliographical references and index 
650 0 |a Energy conservation 
655 0 0 |a Industrial efficiency 
999 |a 1000004316   |b BOOK   |c Open Shelf   |e Default branch